| 000 -LEADER |
| fixed length control field |
02248cam a22003255i 4500 |
| 003 - CONTROL NUMBER IDENTIFIER |
| control field |
OSt |
| 005 - DATE AND TIME OF LATEST TRANSACTION |
| control field |
20240117100410.0 |
| 008 - FIXED-LENGTH DATA ELEMENTS--GENERAL INFORMATION |
| fixed length control field |
220805t20232023sz ade b 001 0 eng d |
| 020 ## - INTERNATIONAL STANDARD BOOK NUMBER |
| International Standard Book Number |
9783035621532 |
| Qualifying information |
(English edition ; |
| -- |
half cloth) |
| 020 ## - INTERNATIONAL STANDARD BOOK NUMBER |
| International Standard Book Number |
3035621535 |
| 041 1# - LANGUAGE CODE |
| Language code of text/sound track or separate title |
eng |
| Language code of original and/or intermediate translations of text |
ger |
| 042 ## - AUTHENTICATION CODE |
| Authentication code |
lccopycat |
| 082 04 - DEWEY DECIMAL CLASSIFICATION NUMBER |
| Classification number |
624.1897 |
| Edition number |
23 |
| 130 0# - MAIN ENTRY--UNIFORM TITLE |
| Uniform title |
Bauen mit Papier. |
| Language of a work |
English. |
| 245 10 - TITLE STATEMENT |
| Title |
Building with paper : |
| Remainder of title |
architecture and construction / |
| Statement of responsibility, etc |
Ulrich Knaack, Rebecca Bach, Samuel Schabel (eds.). ; translation into English, Usch Engelmann. |
| 300 ## - PHYSICAL DESCRIPTION |
| Extent |
199 pages : |
| Other physical details |
illustrations (chiefly color), charts, plans ; |
| Dimensions |
29 cm |
| 504 ## - BIBLIOGRAPHY, ETC. NOTE |
| Bibliography, etc |
Includes bibliographical references and index. |
| 505 0# - FORMATTED CONTENTS NOTE |
| Formatted contents note |
Paper in architecture -- Material -- Semi-finished products and components -- Building construction -- Load-bearing structure, fire protection, building physics -- Case studies -- Outlook -- Facts and figures for engineers. |
| 520 ## - SUMMARY, ETC. |
| Summary, etc |
Paper and cardboard as sustainable building materials are currently the subject of research and testing in building practice. Properly protected from moisture and fire, the material proves to be strong and durable. This introduction explains the basics and the technology of building with cardboard and paper and shows a wide range of exciting examples. Interdisciplinary team of authors: architects, engineers and chemists Attractive international projects Numerous construction drawings illustrate details and connections of cardboard structures Paper and cardboard as sustainable building materials are currently the subject of research and testing in building practice. Properly protected from moisture and fire, the material proves to be strong and durable. This introduction explains the basics and the technology of building with cardboard and paper and shows a wide range of exciting examples. |
| 650 #0 - SUBJECT ADDED ENTRY--TOPICAL TERM |
| Topical term or geographic name as entry element |
Building papers. |
| 650 #7 - SUBJECT ADDED ENTRY--TOPICAL TERM |
| Topical term or geographic name as entry element |
House construction. |
| Source of heading or term |
fast |
| 650 #7 - SUBJECT ADDED ENTRY--TOPICAL TERM |
| Topical term or geographic name as entry element |
Paperboard. |
| Source of heading or term |
fast |
| 700 1# - ADDED ENTRY--PERSONAL NAME |
| Personal name |
Knaack, Ulrich, |
| Relator term |
editor. |
| 700 1# - ADDED ENTRY--PERSONAL NAME |
| Personal name |
Bach, Rebecca, |
| Relator term |
editor. |
| 700 1# - ADDED ENTRY--PERSONAL NAME |
| Personal name |
Schabel, Samuel, |
| Relator term |
editor. |
| 700 1# - ADDED ENTRY--PERSONAL NAME |
| Personal name |
Engelmann, Usch, |
| Relator term |
translator. |
| 776 08 - ADDITIONAL PHYSICAL FORM ENTRY |
| International Standard Book Number |
9783035621396 |
| Display text |
German edition |
| 776 08 - ADDITIONAL PHYSICAL FORM ENTRY |
| International Standard Book Number |
9783035621662 |
| Display text |
electronic book (general) version |
| 942 ## - ADDED ENTRY ELEMENTS (KOHA) |
| Source of classification or shelving scheme |
|